000 00312 a2200145 4500
001 182804
020 _a
040 _cMagnum
100 _aMalba Tahan
240 1 0 _aA sombra do arco-íris - v.3
_lpor
245 1 0 _aA sombra do arco-íris - v.3
300 _a749
697 _aLITERATURA GERAL
942 _cBK
999 _c182804
_d182804